| 000 | 01250nam a2200325Ia 4500 | ||
|---|---|---|---|
| 000 | nam a22 i 4500 | ||
| 001 | UNACH-2346 | ||
| 007 | ta | ||
| 008 | 221212s ||||fr|||| 00| | spa d | ||
| 020 | _a978-9978-86451--7 | ||
| 041 | 0 | _aspa | |
| 082 | 0 | 4 |
_a348.02 _bLeyes, compilaciones |
| 110 | 1 | _aCorporación de Estudios y Publicaciones CEP | |
| 245 | 1 | 0 |
_aLegislación ambiental : _brecursos costeros |
| 250 | _aEdición: no indica en el ejemplar | ||
| 264 | 3 | 1 |
_a[Quito] : _aEcuador : _bCorporación de Estudios y Publicaciones (CEP), _c2007 |
| 300 | _aPáginas según áreas | ||
| 336 |
_atexto _btxt _2rdacontent |
||
| 337 |
_ano mediado _bn _2rdamedia |
||
| 338 |
_avolumen _bnc _2rdacarrier |
||
| 500 | _aTomo IV | ||
| 504 | _aIncluye: índice analítico | ||
| 505 | 0 | _aCodificación.-- Recursos costeros.-- Recursos bioacuáticos.-- Acuicultura.-- Uso sustentable de manglares.-- Contaminación marina.-- Comité nacional para la prevención y estudio de la contaminación marina en el pacífico sudeste.-- Normativa internacional.-- Evolución normativa. | |
| 650 | 1 | 4 | _aLEGISLACIÓN |
| 650 | 2 | 4 | _aACUICULTURA MARINA |
| 650 | 2 | 4 | _aCONTAMINACION MARINA |
| 653 | 0 | _aLeyes, compilaciones | |
| 942 |
_2ddc _c1 _n0 |
||
| 999 |
_c2010 _d2010 |
||